[Event "Women's Speed Chess Q3"]
[Site "chess.com INT"]
[Date "2021.05.30"]
[Round "1"]
[White "Pavlidou, Ekaterini"]
[Black "Osmak, Iulija"]
[Result "0-1"]
[WhiteTitle "WIM"]
[BlackTitle "IM"]
[WhiteElo "2157"]
[BlackElo "2425"]
[WhiteFideId "4213262"]
[BlackFideId "14101602"]
[EventDate "2021.05.30"]

1. d4 d6 2. c4 e5 3. dxe5 dxe5 4. Qxd8+ Kxd8 5. Nc3 Bc5 6. g3 c6 7. Bg2 f6 8. e4
Be6 9. Nge2 Nd7 10. b3 Ne7 11. Bb2 Kc7 12. O-O-O Bxf2 13. Rhf1 Be3+ 14. Kb1 Rad8
15. Rd3 Bb6 16. Rc1 Nc5 17. Rxd8 Rxd8 18. b4 Nd3 19. c5 Nxc1 20. Bxc1 Bxc5 21.
bxc5 b6 22. cxb6+ axb6 23. Kc2 Nc8 24. Be3 Nd6 25. Nc1 Nc4 26. Bg1 Rd2+ 0-1

[Event "Women's Speed Chess Q3"]
[Site "chess.com INT"]
[Date "2021.05.30"]
[Round "1"]
[White "Alboredo, Julia"]
[Black "Voit, Daria"]
[Result "0-1"]
[WhiteTitle "WFM"]
[BlackTitle "WGM"]
[WhiteElo "2182"]
[BlackElo "2360"]
[WhiteFideId "2124807"]
[BlackFideId "4182146"]
[EventDate "2021.05.30"]

1. e4 c6 2. d4 d5 3. e5 Bf5 4. h4 h5 5. Bd3 Bxd3 6. Qxd3 Qa5+ 7. Nd2 Qa6 8. c4
e6 9. Ngf3 Nd7 10. O-O Ne7 11. Qc3 dxc4 12. Nxc4 Nd5 13. Qb3 N7b6 14. Nfd2 Rd8
15. a4 Be7 16. a5 Nxc4 17. Nxc4 Nc7 18. Be3 Qb5 19. Qc2 Na6 20. g3 Qd5 21. Qb3
Rd7 22. Rfd1 O-O 23. Bf4 Rfd8 24. Ne3 Qxb3 0-1

[Event "Women's Speed Chess Q3"]
[Site "chess.com INT"]
[Date "2021.05.30"]
[Round "1"]
[White "Doluhanova, Evgeniya"]
[Black "Pham, Le Thao Nguyen"]
[Result "0-1"]
[WhiteTitle "WGM"]
[BlackTitle "IM"]
[WhiteElo "2207"]
[BlackElo "2369"]
[WhiteFideId "14112035"]
[BlackFideId "12401226"]
[EventDate "2021.05.30"]

1. Nf3 d5 2. g3 c6 3. Bg2 Nf6 4. O-O Bf5 5. b3 e6 6. Bb2 h6 7. d3 Be7 8. Nbd2
O-O 9. Re1 a5 10. e4 Bh7 11. Ne5 a4 12. bxa4 Rxa4 13. f4 Qb6+ 14. Kh1 Qxb2 15.
Rb1 Qxa2 16. Rxb7 Bb4 17. Nef3 Na6 18. e5 Ng4 19. Qe2 Qxc2 20. h3 Bxd3 21. Nd4
Qxd2 22. Qxd2 Bxd2 23. Rg1 Nf2+ 24. Kh2 Rxd4 0-1

[Event "Women's Speed Chess Q3"]
[Site "chess.com INT"]
[Date "2021.05.30"]
[Round "1"]
[White "Mkrtchian, Lilit"]
[Black "Eswaran, Aksithi"]
[Result "1-0"]
[WhiteTitle "IM"]
[BlackTitle "WCM"]
[WhiteElo "2388"]
[BlackElo "1745"]
[WhiteFideId "13300601"]
[BlackFideId "2083485"]
[EventDate "2021.05.30"]

1. e4 c5 2. Nc3 Nc6 3. Nge2 Nf6 4. g3 g6 5. Bg2 Bg7 6. O-O d6 7. d3 O-O 8. h3 a6
9. Be3 b5 10. e5 dxe5 11. Bxc6 Bxh3 12. Bg2 Bxg2 13. Kxg2 b4 14. Ne4 Nxe4 15.
dxe4 Qc7 16. c3 Rad8 17. Qc2 bxc3 18. Nxc3 Qc6 19. Rad1 f5 20. Rxd8 Rxd8 21. Rd1
Rxd1 22. Qxd1 fxe4 23. Qd5+ Qxd5 24. Nxd5 Kf7 25. Bxc5 e6 26. Nc3 Ke8 27. Nxe4
Kd7 28. Kf3 Kc6 29. b4 Bh6 30. Ke2 Bc1 31. Kd3 Ba3 32. Kc4 Bc1 33. a4 Bd2 1-0

[Event "Women's Speed Chess Q3"]
[Site "chess.com INT"]
[Date "2021.05.30"]
[Round "1"]
[White "Soumya, Swaminathan"]
[Black "Kazarian, Anna-Maja"]
[Result "0-1"]
[WhiteTitle "IM"]
[BlackTitle "FM"]
[WhiteElo "2351"]
[BlackElo "2096"]
[WhiteFideId "5016193"]
[BlackFideId "1033689"]
[EventDate "2021.05.30"]

1. b3 d5 2. Bb2 e6 3. Nf3 Nf6 4. g3 Be7 5. Bg2 O-O 6. O-O c5 7. c4 d4 8. e3 Nc6
9. exd4 cxd4 10. d3 a5 11. Re1 a4 12. Nbd2 a3 13. Bc1 Bb4 14. Re2 Bc3 15. Rb1
Nb4 16. Ne4 Nxe4 17. Rxe4 Nxa2 18. Bg5 f6 19. Bd2 Bxd2 20. Qxd2 Nc3 21. Rxd4
Nxb1 22. Qa2 Nc3 23. Qd2 Qa5 0-1

[Event "Women's Speed Chess Q3"]
[Site "chess.com INT"]
[Date "2021.05.30"]
[Round "1"]
[White "Ziegenfuss, Antonia"]
[Black "Marjanovic, Annamaria"]
[Result "0-1"]
[WhiteTitle "WFM"]
[BlackTitle "WGM"]
[WhiteElo "2157"]
[BlackElo "2338"]
[WhiteFideId "12962554"]
[BlackFideId "750930"]
[EventDate "2021.05.30"]

1. d4 Nf6 2. c4 g6 3. Nc3 Bg7 4. e4 O-O 5. Be2 d6 6. Be3 e5 7. d5 a5 8. g4 Na6
9. g5 Ne8 10. h4 f6 11. gxf6 Nxf6 12. h5 Nxh5 13. Bxh5 gxh5 14. Qxh5 Qf6 15.
Qxh7+ Kf7 16. Nh3 Rh8 17. Ng5+ Kf8 18. Qxh8+ Bxh8 19. Nh7+ Ke7 20. Nxf6 Bxf6 21.
Rh7+ Kf8 22. Bh6+ Kg8 23. Ke2 Kxh7 24. Rh1 Kg6 25. f4 exf4 26. Bxf4 Bg4+ 27. Ke3
Rg8 28. Nb5 Bxb2 29. Rh6+ Kf7 30. Nxc7 Nxc7 31. Rh7+ Rg7 32. Rxg7+ Bxg7 33. Bxd6
Na6 34. c5 Bh6+ 35. Kd4 Bg7+ 36. e5 Bf3 37. Ke3 Bxd5 38. a4 Ke6 39. Kd4 Nb4 40.
Bc7 Nc6+ 41. Ke3 Bxe5 42. Bxe5 Kxe5 43. Kd3 Bb3 44. Kc3 Bxa4 45. Kb2 Kd5 46. Ka3
Bb5 47. Kb3 Kxc5 0-1

[Event "Women's Speed Chess Q3"]
[Site "chess.com INT"]
[Date "2021.05.30"]
[Round "1"]
[White "Nguyen, Thi Mai Hung"]
[Black "Tanishka, Kotia"]
[Result "1-0"]
[WhiteTitle "WGM"]
[BlackTitle "WFM"]
[WhiteElo "2254"]
[BlackElo "1849"]
[WhiteFideId "12401676"]
[BlackFideId "25005600"]
[EventDate "2021.05.30"]

1. d4 Nf6 2. Nf3 g6 3. g3 Bg7 4. Bg2 d5 5. O-O O-O 6. c4 dxc4 7. Na3 Be6 8. Qc2
Bd5 9. Nxc4 Nc6 10. Rd1 Be4 11. Qb3 Nd5 12. Qxb7 Ncb4 13. Qb5 Rb8 14. Qa5 Nc2
15. Rb1 Nce3 16. Bxe3 Nxe3 17. Nxe3 Bxb1 18. Rxb1 Bxd4 19. Rd1 c5 20. Qxd8 Rfxd8
21. b3 a5 22. Nxd4 cxd4 23. Nd5 e5 24. Ne7+ Kf8 25. Nc6 Rbc8 26. Nxd8 Rxd8 27.
e3 d3 28. Be4 d2 29. Kf1 f5 30. Bc6 Rc8 31. Bb5 Rc2 32. a4 Rb2 33. Bc4 Ke7 34.
Ke2 Rc2 35. Rxd2 Rc1 36. Rd5 Kf6 37. Rxa5 Rh1 38. h4 h6 39. Ra6+ Kg7 40. Ra7+
Kf6 41. Rf7# 1-0

[Event "Women's Speed Chess Q3"]
[Site "chess.com INT"]
[Date "2021.05.30"]
[Round "1"]
[White "Nguyen, Hong Anh"]
[Black "Havanecz, Bianka"]
[Result "1-0"]
[WhiteTitle "WIM"]
[BlackTitle "WIM"]
[WhiteElo "1993"]
[BlackElo "2257"]
[WhiteFideId "12406732"]
[BlackFideId "704814"]
[EventDate "2021.05.30"]

1. d4 d5 2. c4 c6 3. Nf3 Nf6 4. g3 e6 5. Bg2 Be7 6. O-O O-O 7. Nc3 Nbd7 8. Nd2
b6 9. e4 Bb7 10. exd5 cxd5 11. b3 Rc8 12. Bb2 Qc7 13. Re1 Qb8 14. Rc1 Qa8 15.
cxd5 Nxd5 16. Nxd5 Bxd5 17. Bxd5 Qxd5 18. Nc4 Nf6 19. Ne3 Qb7 20. d5 Bb4 21. Rf1
Nxd5 22. Qd4 f6 23. Nxd5 Bc5 24. Nxf6+ Rxf6 25. Qd2 Rg6 26. b4 Be7 27. Rxc8+
Qxc8 28. Rc1 Qf8 29. Rc7 Bxb4 30. Qe3 Bc5 31. Qe2 h6 32. Kg2 Kh7 33. h4 a5 34.
h5 Rg5 35. Qe4+ Kg8 36. Qxe6+ Kh8 37. Qxh6+ 1-0

[Event "Women's Speed Chess Q3"]
[Site "chess.com INT"]
[Date "2021.05.30"]
[Round "1"]
[White "Purtseladze, Maka"]
[Black "Von Herman, Brigitte"]
[Result "0-1"]
[WhiteTitle "IM"]
[BlackTitle "WFM"]
[WhiteElo "2274"]
[BlackElo "1991"]
[WhiteFideId "13602659"]
[BlackFideId "4628730"]
[EventDate "2021.05.30"]

1. b3 d5 2. Bb2 c6 3. e3 Nf6 4. Nf3 Bg4 5. h3 Bh5 6. d4 e6 7. Be2 Ne4 8. O-O Nd7
9. Nbd2 Ndf6 10. Nxe4 Nxe4 11. Ne5 Bxe2 12. Qxe2 Bd6 13. Nf3 O-O 14. Nd2 Nxd2
15. Qxd2 Qe7 16. f4 f6 17. c4 dxc4 18. bxc4 c5 19. d5 exd5 20. Qxd5+ Kh8 21. e4
Rad8 22. e5 Bxe5 23. fxe5 Rxd5 24. cxd5 fxe5 25. Bxe5 Rxf1+ 26. Rxf1 h6 27. Bg3
b5 28. d6 Qd7 29. Re1 c4 30. Re7 Qd8 31. Rc7 a5 32. Rc5 Qb6 33. Bf2 Qxd6 34.
Rxb5 c3 35. Rc5 Qd1+ 36. Kh2 c2 37. Be3 Qd6+ 38. Kg1 Qxc5 0-1

[Event "Women's Speed Chess Q3"]
[Site "chess.com INT"]
[Date "2021.05.30"]
[Round "1"]
[White "Buksa, Nataliya"]
[Black "Mrudul, Dehankar"]
[Result "0-1"]
[WhiteTitle "IM"]
[BlackTitle "WIM"]
[WhiteElo "2414"]
[BlackElo "2256"]
[WhiteFideId "14123622"]
[BlackFideId "25096990"]
[EventDate "2021.05.30"]

1. d4 Nf6 2. Nc3 b6 3. Bg5 Bb7 4. Nf3 d6 5. e3 Nbd7 6. Bd3 g6 7. Qe2 Bg7 8. h4
h6 9. Bf4 h5 10. e4 e6 11. e5 dxe5 12. dxe5 Nd5 13. Nxd5 Bxd5 14. O-O-O Qc8 15.
Kb1 c5 16. Bb5 Bc6 17. Bxc6 Qxc6 18. Qd2 O-O-O 19. Bg5 f6 20. exf6 Bxf6 21. Qe3
Bxg5 22. Nxg5 Rde8 23. Nf7 Rhf8 24. Nd6+ Kc7 25. Nxe8+ Rxe8 26. Qg3+ e5 27. Qxg6
Qxg6 28. g3 Nf6 29. Rhe1 Ng4 30. Re2 Qf5 31. a4 e4 32. Rf1 Qf3 33. Rfe1 Nxf2 34.
Re3 Qf5 35. Rb3 Ng4 36. a5 e3 37. axb6+ axb6 38. Rd3 e2 39. Rd2 Qf1 40. Rxe2
Qxe1+ 41. Rxe1 Rxe1+ 42. Ka2 Rg1 43. Kb3 Rxg3+ 44. Kc4 Rh3 0-1

[Event "Women's Speed Chess Q3"]
[Site "chess.com INT"]
[Date "2021.05.30"]
[Round "1"]
[White "Farhat Willemstein, Stela Souza"]
[Black "Vo, Thi Kim Phung"]
[Result "0-1"]
[WhiteTitle "WFM"]
[BlackTitle "WGM"]
[WhiteElo "1758"]
[BlackElo "2335"]
[WhiteFideId "2109808"]
[BlackFideId "12401838"]
[EventDate "2021.05.30"]

1. e4 e6 2. d4 d5 3. Nd2 Nf6 4. Ngf3 dxe4 5. Ne5 Qxd4 6. Ng4 Nxg4 7. Qxg4 f5 8.
Qg3 Bd6 9. Qh3 Qf6 10. Nb3 O-O 11. Be3 e5 12. O-O-O f4 13. Bd2 Bxh3 14. gxh3 Nc6
15. Rg1 Kh8 16. Bc3 Rad8 17. Bc4 h6 18. Rg2 Bb4 19. Rdg1 Bxc3 20. bxc3 e3 21.
fxe3 fxe3 22. Be2 Rd7 23. Kb2 a5 24. Nc5 Re7 25. Ne4 Qe6 26. c4 Nd4 27. Kc3 Qb6
28. Ng3 Qb4+ 0-1

[Event "Women's Speed Chess Q3"]
[Site "chess.com INT"]
[Date "2021.05.30"]
[Round "1"]
[White "Narva, Regina"]
[Black "Nurmanova, Alua"]
[Result "0-1"]
[WhiteTitle "WFM"]
[BlackTitle "WFM"]
[WhiteElo "1901"]
[BlackElo "2008"]
[WhiteFideId "4500237"]
[BlackFideId "13729390"]
[EventDate "2021.05.30"]

1. e4 c5 2. Nc3 d6 3. g3 Nf6 4. Bg2 g6 5. Nge2 Bg7 6. h3 O-O 7. g4 Nc6 8. Ng3
Nd7 9. O-O e6 10. d3 Rb8 11. Be3 b5 12. Qd2 b4 13. Nd1 Nb6 14. Bg5 Qc7 15. Bh6
d5 16. Bxg7 Kxg7 17. Qg5 Qe5 18. Qh4 h6 19. f4 Qd4+ 20. Kh2 Rh8 21. g5 hxg5 22.
Qxg5 Qf6 23. Qg4 Nd4 24. Rf2 e5 25. f5 Rh4 0-1

[Event "Women's Speed Chess Q3"]
[Site "chess.com INT"]
[Date "2021.05.30"]
[Round "1"]
[White "Kiolbasa, Oliwia"]
[Black "Kanyamarala, Trisha"]
[Result "1-0"]
[WhiteTitle "WIM"]
[BlackTitle "WIM"]
[WhiteElo "2255"]
[BlackElo "2180"]
[WhiteFideId "1154613"]
[BlackFideId "45004722"]
[EventDate "2021.05.30"]

1. e4 c5 2. Nf3 d6 3. d4 cxd4 4. Nxd4 Nf6 5. Nc3 Nc6 6. Bg5 e6 7. Qd2 a6 8.
O-O-O Bd7 9. f4 b5 10. Bxf6 gxf6 11. Kb1 Qc7 12. f5 b4 13. Nce2 e5 14. Nxc6 Bxc6
15. Nc1 a5 16. Bd3 Rb8 17. g4 h6 18. h4 Rg8 19. Rhg1 a4 20. g5 hxg5 21. hxg5
fxg5 22. Rxg5 Rxg5 23. Qxg5 Qe7 24. f6 Qe6 25. Rh1 a3 26. Rh8 Kd7 27. b3 d5 28.
exd5 Bxd5 29. Bf5 e4 30. Bxe6+ Bxe6 31. Qe5 Bd6 32. Qxd6+ Kxd6 33. Rxb8 Kd5 34.
Rxb4 Ke5 35. Ne2 Kxf6 36. Rxe4 Ke7 37. Nd4 Kd6 38. Nxe6 fxe6 39. c4 e5 40. b4 1-0

[Event "Women's Speed Chess Q3"]
[Site "chess.com INT"]
[Date "2021.05.30"]
[Round "1"]
[White "Zaksaite, Salomeja"]
[Black "Samaganova, Alexandra"]
[Result "0-1"]
[WhiteTitle "WIM"]
[BlackTitle "WFM"]
[WhiteElo "2202"]
[BlackElo "1993"]
[WhiteFideId "12801496"]
[BlackFideId "13800221"]
[EventDate "2021.05.30"]

1. g3 c5 2. Bg2 Nc6 3. b3 Nf6 4. Bb2 e6 5. e3 Be7 6. Ne2 O-O 7. O-O d5 8. d3 b6
9. Nd2 Bb7 10. h3 h6 11. f4 Rc8 12. Nf3 a6 13. a3 b5 14. Qe1 Qb6 15. g4 c4 16.
d4 Ne4 17. Ne5 Nxe5 18. fxe5 cxb3 19. cxb3 Rc2 20. Rb1 Bg5 21. Nf4 Nd2 22. Rf2
Rxb2 23. Rxb2 Ne4 24. Bxe4 dxe4 25. Rfc2 Bxf4 26. exf4 Qxd4+ 0-1

[Event "Women's Speed Chess Q3"]
[Site "chess.com INT"]
[Date "2021.05.30"]
[Round "1"]
[White "Golubeva, Oksana"]
[Black "Mordido, Kylen Joy"]
[Result "1-0"]
[WhiteTitle "WFM"]
[BlackTitle "WIM"]
[WhiteElo "2179"]
[BlackElo "2014"]
[WhiteFideId "4170164"]
[BlackFideId "5219086"]
[EventDate "2021.05.30"]

1. Nf3 Nf6 2. e3 g6 3. b3 Bg7 4. Bb2 O-O 5. d4 d5 6. g3 c5 7. Bg2 Nc6 8. Ne5 e6
9. O-O Nxe5 10. dxe5 Nd7 11. f4 Qc7 12. Nd2 b6 13. e4 Bb7 14. exd5 exd5 15. Qe2
Rfe8 16. Qf2 Nf8 17. Rad1 Rad8 18. Rfe1 Ne6 19. Nf3 d4 20. Rd2 Re7 21. Rf1 Rde8
22. Nh4 f6 23. exf6 Bxf6 24. f5 Bxh4 25. gxh4 gxf5 26. Qxf5 Rg7 27. Bc1 Rf8 28.
Qxe6+ Rff7 29. Kh1 Kh8 30. Rxf7 Rxf7 31. Qe8+ Kg7 32. Rd1 Bxg2+ 33. Kxg2 Qb7+
34. Kg1 Re7 35. Qh5 Qe4 36. Bh6+ Kg8 37. Qg5+ 1-0

[Event "Women's Speed Chess Q3"]
[Site "chess.com INT"]
[Date "2021.05.30"]
[Round "1"]
[White "Daulyte-Cornette, Deimante"]
[Black "Makhija, Aashna"]
[Result "0-1"]
[WhiteTitle "IM"]
[BlackTitle "WIM"]
[WhiteElo "2387"]
[BlackElo "1969"]
[WhiteFideId "12802859"]
[BlackFideId "25011944"]
[EventDate "2021.05.30"]

1. e4 e5 2. Bc4 Nc6 3. Nc3 Bb4 4. Nge2 Nf6 5. O-O O-O 6. f4 Bc5+ 7. Kh1 d6 8. f5
a6 9. d3 b5 10. Bb3 Na5 11. Bg5 Nxb3 12. axb3 h6 13. Bh4 c6 14. Ng3 g6 15. Qf3
g5 16. Bxg5 hxg5 17. Nce2 g4 18. Qf2 Bxf2 19. Rxf2 Kg7 20. Nf1 d5 21. Neg3 dxe4
22. dxe4 Qb6 23. Rd2 Bb7 24. Ne3 Rad8 25. Re2 Rd4 26. Kg1 Rfd8 27. Rf1 Rd2 28.
Ree1 Rxc2 29. Kh1 Rxb2 30. h3 gxh3 31. gxh3 Rxb3 32. Rg1 Kf8 33. Kh2 Rxe3 34.
Ref1 Rd2+ 35. Kh1 c5 36. h4 Nxe4 37. f6 Nxg3# 0-1

[Event "Women's Speed Chess Q3"]
[Site "chess.com INT"]
[Date "2021.05.30"]
[Round "1"]
[White "Vargas, Gabriela"]
[Black "Pourkashiyan, Atousa"]
[Result "0-1"]
[WhiteTitle "WIM"]
[BlackTitle "WGM"]
[WhiteElo "2170"]
[BlackElo "2322"]
[WhiteFideId "3700860"]
[BlackFideId "12502014"]
[EventDate "2021.05.30"]

1. d4 Nf6 2. Nf3 e6 3. c3 Be7 4. Bg5 b6 5. Nbd2 Bb7 6. e3 d6 7. Bd3 Nbd7 8. O-O
O-O 9. Qe2 h6 10. Bh4 e5 11. e4 Re8 12. d5 Nc5 13. Bc2 Ba6 14. Qd1 Bxf1 15. Nxf1
Nh5 16. Bxe7 Qxe7 17. b4 Nd7 18. Ne3 Nf4 19. Nf5 Qf8 20. g3 Ng6 21. Ba4 Red8 22.
Bc6 Rab8 23. h4 Ne7 24. Qd3 Nxf5 25. exf5 Nf6 26. Nd2 Qe7 27. Ne4 Nxe4 28. Qxe4
Qf6 29. Kg2 Rf8 30. f3 g6 31. g4 gxf5 32. gxf5 Kh8 33. Kh3 Rg8 34. Bb5 Rg7 35.
Bf1 Rbg8 36. Re1 Rg3+ 37. Kh2 Qg7 38. Re2 Rg1 39. Qg4 Rxg4 40. fxg4 Qxg4 41. Rg2
Qf4+ 42. Kg1 Rxg2+ 43. Bxg2 Qxh4 0-1

[Event "Women's Speed Chess Q3"]
[Site "chess.com INT"]
[Date "2021.05.30"]
[Round "1"]
[White "Zuriel, Marisa"]
[Black "Gevorgyan, Maria"]
[Result "0-1"]
[WhiteTitle "WIM"]
[BlackTitle "WGM"]
[WhiteElo "2203"]
[BlackElo "2219"]
[WhiteFideId "109142"]
[BlackFideId "13300270"]
[EventDate "2021.05.30"]

1. e4 c5 2. Nf3 Nc6 3. Bb5 g6 4. Bxc6 dxc6 5. h3 Bg7 6. d3 Nf6 7. Nc3 Nd7 8. Be3
e5 9. Qd2 h6 10. Nh2 b6 11. Ng4 h5 12. Nh2 Nf8 13. f4 exf4 14. Bxf4 Ne6 15. Be3
O-O 16. O-O Nd4 17. Kh1 Be6 18. a3 Qd7 19. Rae1 Rad8 20. Rf2 c4 21. Bh6 cxd3 22.
Bxg7 Kxg7 23. cxd3 Nb3 24. Qf4 Qxd3 25. Qf6+ Kh7 26. Nf3 Bc4 27. Ng5+ Kg8 28.
Rf3 Qd4 29. e5 Nd2 30. Nce4 Nxf3 31. Nxf3 Bd3 32. Neg5 Bf5 33. e6 Qxf6 34. e7
Rfe8 35. exd8=Q Rxd8 0-1

[Event "Women's Speed Chess Q3"]
[Site "chess.com INT"]
[Date "2021.05.30"]
[Round "1"]
[White "Derotas, Vic Glysen"]
[Black "Cori T., Deysi"]
[Result "0-1"]
[BlackTitle "WGM"]
[WhiteElo "1830"]
[BlackElo "2388"]
[WhiteFideId "5216290"]
[BlackFideId "3801934"]
[EventDate "2021.05.30"]

1. c4 e6 2. b3 Nf6 3. Bb2 b6 4. g3 Bb7 5. Nf3 d5 6. Bg2 Nbd7 7. O-O Bd6 8. d4
O-O 9. Nc3 dxc4 10. bxc4 Qe7 11. Re1 Ne4 12. d5 Nxc3 13. Bxc3 exd5 14. cxd5 Ne5
15. Nd4 Qd7 16. e4 Rfe8 17. f4 Ng4 18. e5 Bc5 19. h3 Nh6 20. Kh2 Bxd5 21. e6
fxe6 22. Nxe6 Bxe6 23. Bxa8 Rxa8 24. Qxd7 Bxd7 25. Rad1 Ba4 26. Rd5 Bc6 27. Rg5
g6 28. f5 Nxf5 29. Re6 Bd7 30. Re5 Re8 31. Rd5 Bc6 32. Rdxf5 Re2+ 33. Rf2 Rxf2+
34. Kg1 Rf5+ 0-1

[Event "Women's Speed Chess Q3"]
[Site "chess.com INT"]
[Date "2021.05.30"]
[Round "1"]
[White "Priyanka, K"]
[Black "Frayna, Janelle Mae"]
[Result "0-1"]
[WhiteTitle "WIM"]
[BlackTitle "WGM"]
[WhiteElo "2218"]
[BlackElo "2179"]
[WhiteFideId "5082986"]
[BlackFideId "5212499"]
[EventDate "2021.05.30"]

1. e4 Nf6 2. e5 Nd5 3. d4 d6 4. c4 Nb6 5. exd6 cxd6 6. Nc3 g6 7. Be3 Bg7 8. Rc1
O-O 9. b3 e5 10. d5 f5 11. f3 N8d7 12. Bd3 Nf6 13. Nge2 Nbd7 14. O-O Nc5 15. b4
Nxd3 16. Qxd3 Re8 17. c5 e4 18. fxe4 Nxe4 19. Nxe4 Rxe4 20. Rf4 Re7 21. Bd4
Bxd4+ 22. Nxd4 dxc5 23. bxc5 Qxd5 24. Qb3 Qxb3 25. axb3 Bd7 26. Rd1 Rae8 27. Rf2
Be6 28. Re1 Bf7 29. Rxe7 Rxe7 30. b4 Rd7 31. Rd2 Bc4 32. Kf2 Kf7 33. Ke3 a6 34.
Nf3 Rxd2 35. Kxd2 Bd5 36. Ne5+ Ke6 0-1

[Event "Women's Speed Chess Q3"]
[Site "chess.com INT"]
[Date "2021.05.30"]
[Round "1"]
[White "Dauletova, Gulmira"]
[Black "Atalik, Ekaterina"]
[Result "1-0"]
[WhiteTitle "WGM"]
[BlackTitle "IM"]
[WhiteElo "2285"]
[BlackElo "2430"]
[WhiteFideId "13702971"]
[BlackFideId "4130189"]
[EventDate "2021.05.30"]

1. e4 e5 2. Nf3 Nc6 3. Bb5 a6 4. Ba4 g6 5. d4 exd4 6. Nxd4 Bg7 7. Nxc6 bxc6 8.
O-O Ne7 9. Nc3 O-O 10. Bb3 d6 11. Be3 c5 12. Qd2 Bb7 13. Bh6 Nc6 14. Ne2 Ne5 15.
Bxg7 Kxg7 16. Ng3 f6 17. Bd5 Bxd5 18. Qxd5 Qe7 19. f4 Nd7 20. Rad1 Nb6 21. Qd3
Rab8 22. b3 a5 23. Qf3 Qf7 24. Qg4 Kh8 25. f5 g5 26. h4 gxh4 27. Qxh4 Rg8 28.
Kf2 Nd7 29. Rh1 Ne5 30. Nh5 Ng4+ 31. Ke2 Rbe8 32. Kf3 Re5 33. Nf4 Rge8 34. Qxg4
Rxe4 35. Qh5 Re3+ 36. Kf2 Qe7 37. Ng6+ Kg7 38. Nxe7 R8xe7 39. Qxh7+ Kf8 40. Qh8+
Kf7 41. Rh7# 1-0

[Event "Women's Speed Chess Q3"]
[Site "chess.com INT"]
[Date "2021.05.30"]
[Round "1"]
[White "Sliwicka, Alicja"]
[Black "Golubenko, Valentina"]
[Result "1-0"]
[WhiteTitle "WIM"]
[BlackTitle "WGM"]
[WhiteElo "2346"]
[BlackElo "2209"]
[WhiteFideId "1150677"]
[BlackFideId "4501993"]
[EventDate "2021.05.30"]

1. e4 g6 2. d4 Bg7 3. c3 c5 4. g3 cxd4 5. cxd4 d5 6. e5 Nc6 7. Bg2 Qb6 8. Ne2 e6
9. O-O Nge7 10. Nbc3 O-O 11. Bg5 Nf5 12. Na4 Qc7 13. b3 b6 14. Rc1 Bd7 15. Qd2
h6 16. Bf6 Bxf6 17. exf6 Kh7 18. h4 Qd6 19. h5 Rac8 20. Nf4 g5 21. Ne2 Rg8 22.
Bh3 g4 23. Bg2 Rg5 24. Nf4 Ncxd4 25. Rxc8 Bxc8 26. Nc3 Nf3+ 27. Bxf3 gxf3 28.
Rd1 Bb7 29. Qe3 Nxg3 30. fxg3 Rxg3+ 31. Kf2 e5 32. Kxg3 d4 33. Qd3+ Kg8 34. Kf2
exf4 35. Rg1+ Kf8 36. Qh7 Ke8 37. Rg8+ Kd7 38. Qxf7+ Kc6 39. Qc4+ Qc5 40. Qxc5+
bxc5 41. Nd1 Kd5 42. f7 1-0

[Event "Women's Speed Chess Q3"]
[Site "chess.com INT"]
[Date "2021.05.30"]
[Round "1"]
[White "Obregon Garcia, Roxangel"]
[Black "Batsiashvili, Nino"]
[Result "1-0"]
[WhiteTitle "WIM"]
[BlackTitle "GM"]
[WhiteElo "2167"]
[BlackElo "2491"]
[WhiteFideId "3520420"]
[BlackFideId "13602993"]
[EventDate "2021.05.30"]

1. e4 c6 2. Nf3 d5 3. e5 c5 4. c3 Nc6 5. d4 Bg4 6. Be2 e6 7. O-O Bxf3 8. Bxf3
Nge7 9. Na3 cxd4 10. cxd4 Nf5 11. Nc2 Be7 12. b3 Rc8 13. g4 Nh4 14. Be2 f5 15.
exf6 Bxf6 16. f4 O-O 17. Be3 Be7 18. Qd2 a6 19. Bd3 Ng6 20. Rae1 Qe8 21. Kh1 Bd6
22. f5 exf5 23. Bg5 Qf7 24. Rxf5 Qc7 25. Rxd5 Nce7 26. Rxd6 Qxd6 27. Qg2 Qd5 28.
Bxe7 Qxg2+ 29. Kxg2 Nxe7 30. Rxe7 Rc3 31. Re3 Kh8 32. Kg3 Rfc8 33. d5 h5 34. Bc4
b5 35. Rxc3 bxc4 36. bxc4 Rf8 37. c5 hxg4 38. Kxg4 Rf1 39. d6 Rg1+ 40. Kh3 Rd1
41. c6 Kh7 42. c7 Rxd6 43. c8=Q Rh6+ 1-0

[Event "Women's Speed Chess Q3"]
[Site "chess.com INT"]
[Date "2021.05.30"]
[Round "1"]
[White "Sviridova, Vlada"]
[Black "Rakshitta, Ravi"]
[Result "1-0"]
[WhiteTitle "WFM"]
[BlackTitle "WIM"]
[WhiteElo "2144"]
[BlackElo "2190"]
[WhiteFideId "24109606"]
[BlackFideId "25073230"]
[EventDate "2021.05.30"]

1. d4 Nf6 2. c4 Nc6 3. Nf3 e6 4. Nc3 Bb4 5. Qc2 d6 6. Bd2 a5 7. e3 Qe7 8. a3
Bxc3 9. Bxc3 e5 10. d5 Nb8 11. Nd2 Nbd7 12. Bd3 a4 13. O-O Nc5 14. Bf5 O-O 15.
Rae1 g6 16. Bxc8 Rfxc8 17. f4 Nfd7 18. f5 Rf8 19. Ne4 Nxe4 20. Qxe4 Nc5 21. Qg4
h5 22. Qg3 Kh7 23. f6 Qd7 24. e4 b5 25. Bd2 Qg4 26. Qe3 g5 27. h3 Qxe4 28. Qxe4+
Nxe4 29. Rxe4 Kg6 30. h4 bxc4 31. hxg5 Rfb8 32. Bc3 Rb5 33. Rd1 Kxg5 34. Rxc4
Kxf6 35. Rxc7 Rg8 36. Rf1+ Kg6 37. Rcxf7 Rxd5 38. R1f6+ Kg5 39. Rf5+ Kg4 40. Rf2
e4 41. R7f4+ Kg3 42. Be1 Rd1 43. R2f3# 1-0